Halal Certification System As A Resource For Firm Internationalisation: Comparison Of China And Malaysia / by (Record no. 614)
[ view plain ]
| 000 -LEADER | |
|---|---|
| fixed length control field | 01120nmb a2200301uu 4500 |
| 001 - CONTROL NUMBER | |
| control field | 03228 |
| 003 - CONTROL NUMBER IDENTIFIER | |
| control field | HDC |
| 007 - PHYSICAL DESCRIPTION FIXED FIELD--GENERAL INFORMATION | |
| fixed length control field | cr aa aaaau |
| 008 - FIXED-LENGTH DATA ELEMENTS--GENERAL INFORMATION | |
| fixed length control field | 210104p2016 my ||||| |||| 00| 0 eng d |
| 040 ## - CATALOGING SOURCE | |
| Original cataloging agency | HDC |
| 100 ## - MAIN ENTRY--PERSONAL NAME | |
| Personal name | Dubé, François N. |
| Relator term | author |
| 9 (RLIN) | 2223 |
| 245 #0 - TITLE STATEMENT | |
| Title | Halal Certification System As A Resource For Firm Internationalisation: Comparison Of China And Malaysia / by |
| Statement of responsibility, etc. | François N. Dubé, Zhao Hongxia, Yang Haijuan, Huang Lijun |
| 260 ## - PUBLICATION, DISTRIBUTION, ETC. | |
| Place of publication, distribution, etc. | Malaysia : |
| Name of publisher, distributor, etc. | USM Press, |
| Date of publication, distribution, etc. | 2016 |
| 300 ## - PHYSICAL DESCRIPTION | |
| Extent | 1 online resource (17 pages) : |
| Other physical details | illustrations |
| 336 ## - CONTENT TYPE | |
| Content type term | text |
| Source | rdacontent |
| 337 ## - MEDIA TYPE | |
| Media type term | computer |
| Source | rdamedia |
| 338 ## - CARRIER TYPE | |
| Carrier type term | online resource |
| Source | rdacarrier |
| 650 ## - SUBJECT ADDED ENTRY--TOPICAL TERM | |
| Topical term or geographic name entry element | China halal industry |
| 9 (RLIN) | 2224 |
| 650 ## - SUBJECT ADDED ENTRY--TOPICAL TERM | |
| Topical term or geographic name entry element | halal industry in Malaysia |
| 9 (RLIN) | 2225 |
| 650 ## - SUBJECT ADDED ENTRY--TOPICAL TERM | |
| Topical term or geographic name entry element | Halal industry |
| 9 (RLIN) | 144 |
| 700 ## - ADDED ENTRY--PERSONAL NAME | |
| Personal name | Huang, Lijun |
| 9 (RLIN) | 1067 |
| 700 ## - ADDED ENTRY--PERSONAL NAME | |
| Personal name | Yang, Haijuan |
| 9 (RLIN) | 1066 |
| 700 ## - ADDED ENTRY--PERSONAL NAME | |
| Personal name | Zhao, Hongxia |
| 9 (RLIN) | 2226 |
| 856 ## - ELECTRONIC LOCATION AND ACCESS | |
| Public note | Request full-text at [email protected] |
| 942 ## - ADDED ENTRY ELEMENTS (KOHA) | |
| Source of classification or shelving scheme | Library of Congress Classification |
| 942 ## - ADDED ENTRY ELEMENTS (KOHA) | |
| Koha item type | Articles |
| 942 ## - ADDED ENTRY ELEMENTS (KOHA) | |
| Call number prefix | JART 001097 |
| Withdrawn status | Lost status | Source of classification or shelving scheme | Damaged status | Not for loan | Home library | Current library | Shelving location | Date acquired | Total checkouts | Full call number | Date last seen | Price effective from | Koha item type |
|---|---|---|---|---|---|---|---|---|---|---|---|---|---|
| Library of Congress Classification | Halal Development Corporation Library | Halal Development Corporation Library | Open Shelves | 24/05/2023 | JART 001097 | 24/05/2023 | 24/05/2023 | Articles |
